000 00693nam a2200289Ia 4500
005 20260324124819.0
008 008 260324s9999 xx 000 0 eng d
020 _a9780203850619
037 _aEBOOK
040 _aCRL
040 _beng
040 _cCRL
041 _2eng
041 _aeng
084 _qCRL
100 _aEmil J. Kirchner; James Sperling
_91175586
245 0 _aNational Security Cultures
245 0 _bPatterns of Global Governance
260 _bTaylor and Francis
260 _c2010
365 _a
365 _b290
856 _uhttp://www.taylorfrancis.com/books/9780203850619
942 _cEBOOK
999 _c1770319
_d1770319